| 000 | 00967nam0a22003131 4500 | ||
|---|---|---|---|
| 001 | RU\NLR\A1SV\129336 | ||
| 005 | 20251203171251.9 | ||
| 035 | _a(NLR Aleph) 010520101 | ||
| 090 |
_a10210702 _c10210702 |
||
| 100 | _a20141002d1925 u y0rusy50 ca | ||
| 101 | 1 |
_arus _cger |
|
| 102 | _aRU | ||
| 200 | 1 |
_aСкицирование деталей машин _eПер. с 4 -го нем. изд. _fКарл Фольк _gПод ред. [и с предисл.] инж. Ю.С.Чечет |
|
| 210 |
_aМ. _cМакиз _d1925 |
||
| 215 |
_a36 с. _cчерт. _d22 см |
||
| 620 | _dМосква | ||
| 700 | 1 |
_aФольк _bК. _f1899-1984 _gКарл |
|
| 702 | 1 |
_aЧечет _bЮ.С. _f1894-1960 _gЮрий Сергеевич |
|
| 801 | 0 |
_aRU _bNLR _c20141002 |
|
| 852 |
_aNLR _j38/367 |
||
| 852 |
_aNLR _j120/347 |
||
| 899 | _aКирОУНБ | ||
| 899 | _aСПбГУ | ||
| 899 | _aРГБ | ||
| 899 | _aСГСПУ | ||
| 942 | _cBOOK | ||
| 980 | _aNB | ||
| 980 | _aA1SV | ||